<?xml version="1.0" encoding="UTF-8"?>
<record
    xmlns:xsi="http://www.w3.org/2001/XMLSchema-instance"
    xsi:schemaLocation="http://www.loc.gov/MARC21/slim http://www.loc.gov/standards/marcxml/schema/MARC21slim.xsd"
    xmlns="http://www.loc.gov/MARC21/slim">

  <leader>06060nam a2200445Ii 4500</leader>
  <controlfield tag="001">DIGBN02657</controlfield>
  <controlfield tag="003">NyNyDIG</controlfield>
  <controlfield tag="006">m     o  d        </controlfield>
  <controlfield tag="007">cr |||||||||||</controlfield>
  <controlfield tag="008">100625s2008    sp a    ob    000 0 spa d</controlfield>
  <datafield tag="020" ind1=" " ind2=" ">
    <subfield code="z">8497428226</subfield>
  </datafield>
  <datafield tag="020" ind1=" " ind2=" ">
    <subfield code="z">9788497428224</subfield>
  </datafield>
  <datafield tag="035" ind1=" " ind2=" ">
    <subfield code="a">(OCoLC)667274272</subfield>
  </datafield>
  <datafield tag="040" ind1=" " ind2=" ">
    <subfield code="a">DGITA</subfield>
    <subfield code="b">eng</subfield>
    <subfield code="e">pn</subfield>
    <subfield code="c">DGITA</subfield>
  </datafield>
  <datafield tag="043" ind1=" " ind2=" ">
    <subfield code="a">e-sp---</subfield>
  </datafield>
  <datafield tag="050" ind1="1" ind2="4">
    <subfield code="a">HD775 eBook</subfield>
  </datafield>
  <datafield tag="245" ind1="0" ind2="0">
    <subfield code="a">Ideas reformistas y reformadores en la Espa&#xF1;a del siglo XIX :</subfield>
    <subfield code="b">los Sierra Pambley y su tiempo /</subfield>
    <subfield code="c">Francisco Caranto&#xF1;a &#xC1;lvarez, Elena Aguado Cabezas, eds.</subfield>
  </datafield>
  <datafield tag="264" ind1=" " ind2="1">
    <subfield code="a">Madrid :</subfield>
    <subfield code="b">Biblioteca Nueva,</subfield>
    <subfield code="c">2008.</subfield>
  </datafield>
  <datafield tag="300" ind1=" " ind2=" ">
    <subfield code="a">1 online resource (533 pages) :</subfield>
    <subfield code="b">ill.</subfield>
  </datafield>
  <datafield tag="336" ind1=" " ind2=" ">
    <subfield code="a">text</subfield>
    <subfield code="b">txt</subfield>
    <subfield code="2">rdacontent</subfield>
  </datafield>
  <datafield tag="337" ind1=" " ind2=" ">
    <subfield code="a">computer</subfield>
    <subfield code="b">c</subfield>
    <subfield code="2">rdamedia</subfield>
  </datafield>
  <datafield tag="338" ind1=" " ind2=" ">
    <subfield code="a">online resource</subfield>
    <subfield code="b">cr</subfield>
    <subfield code="2">rdacarrier</subfield>
  </datafield>
  <datafield tag="490" ind1="1" ind2=" ">
    <subfield code="a">Colecci&#xF3;n Historia Biblioteca Nueva</subfield>
  </datafield>
  <datafield tag="504" ind1=" " ind2=" ">
    <subfield code="a">Includes bibliographical references.</subfield>
  </datafield>
  <datafield tag="505" ind1="0" ind2=" ">
    <subfield code="a">Presentaci&#xF3;n / Joaqu&#xED;n L&#xF3;pez Contreras -- Introducci&#xF3;n / Francisco Caranto&#xF1;a &#xC1;lvarez y Elena Aguado Cabezas -- Parte 1. De la ilustraci&#xF3;n al liberalismo: las ideas ilustradas y el cambio liberal -- 1. De la Ilustraci&#xF3;n al liberalismo moderado. La trayectoria pol&#xED;tica de Felipe -- Sierra Pambley / Francisco Caranto&#xF1;a &#xC1;lvarez -- 2. De Clararrosa a Clara-Azucena, y retorno / Alberto Gil Novales -- 3. Los liberalismos y la revoluci&#xF3;n: la contribuci&#xF3;n radical / Anna Garc&#xED;a -- Rovira -- 4. La batalla por el pasado en el liberalismo de la Espa&#xF1;a isabelina / Mariano -- Esteban de Vega -- 5. Del Antiguo R&#xE9;gimen al liberalismo. La evoluci&#xF3;n de una familia hidalga / Jos&#xE9; Luis G&#xF3;mez Barthe y &#xC1;lvarez -- 6. Del corregimiento borb&#xF3;nico al ayuntamiento constitucional. Un caso concreto: la ciudad de Le&#xF3;n / Alfredo G&#xF3;mez Mart&#xED;nez -- 7. Or&#xED;genes de la prensa leonesa. Periodismo en tiempos de revoluci&#xF3;n (1808-1823) / Oscar Gonz&#xE1;lez Garc&#xED;a -- 8. Juan L&#xF3;pez Cancelada: "escritor p&#xFA;blico" en los &#xFA;ltimos tiempos de la Am&#xE9;rica colonial y los comienzos del liberalismo en Espa&#xF1;a / Antonio Lorenzana Fern&#xE1;ndez -- 9. Los Fern&#xE1;ndez Blanco y los Sierra Pambley: entre las tierras del &#xD3;rbigo y la monta&#xF1;a leonesa. Bases socio-econ&#xF3;micas de dos unidades familiares a finales del -- Antiguo R&#xE9;gimen /Rub&#xE9;n Esteban L&#xF3;pez P&#xE9;rez -- 10. Abogado, periodista y dem&#xF3;crata leon&#xE9;s: Jos&#xE9; Ordax Avecilla, entre la -- reforma y la revoluci&#xF3;n / David Mart&#xED;nez P&#xE9;rez, H&#xE9;ctor &#xC1;lvarez Vega y Tom&#xE1;s Sarmiento Garc&#xED;a -- 11. Problema social y orden p&#xFA;blico: el reformismo conservador de Andr&#xE9;s -- Borrego / Raquel S&#xE1;nchez Garc&#xED;a -- 12. Reflexiones sobre el r&#xE9;gimen de los generales / Manuel Gonz&#xE1;lez &#xC1;lvarez -- Parte 2. Krausismo, institucionismo y social liberalismo -- 1. Segundo Sierra Pambley y Fernando de Castro. Dos liberales leoneses en -- la era isabelina / Elena Aguado Cabezas -- 2. Fernando de Castro, un cl&#xE9;rigo liberal humanista / Antonio Moliner Prada -- 3. El radicalismo en la representaci&#xF3;n parlamentaria castellana y leonesa / Pedro -- Carasa Soto, Rafael Serrano Garc&#xED;a, Juan A. Cano Garc&#xED;a -- 4. La filosof&#xED;a krausista y la econom&#xED;a social de mercado / Enrique M. Ure&#xF1;a -- 5. Las mujeres de la Instituci&#xF3;n Libre de Ense&#xF1;anza / Pilar Ballar&#xED;n Domingo -- 6. Paco Sierra: hombre p&#xFA;blico, pol&#xED;tico y parlamentario / Pablo Celada Perandones -- 7. Los krausoinstitucionistas y los n&#xFA;cleos republicanos gijoneses en los comienzos -- de la Restauraci&#xF3;n / Sergio S&#xE1;nchez Collantes -- 8. La reforma de Someruelos en Alicante /Jos&#xE9; Antonio P&#xE9;rez Juan -- 9. El archivo familiar Fern&#xE1;ndez Blanco y Sierra Pambley. Retrato de un fondo documental &#xFA;nico / Emilia Lareo Sola -- 10. La Casa-Museo Sierra Pambley. Breves notas sobre la colecci&#xF3;n familiar /Yolanda Rey Folgueral -- 11. Los servicios p&#xFA;blicos en el Sexenio Democr&#xE1;tico. La villa de Sahag&#xFA;n (1868-1875) / Francisco Javier Lagartos Pacho -- Parte 3. Del reformismo republicano al primer socialismo. Pensamiento pol&#xED;tico e idea de espa&#xF1;a en el cambio de siglo -- 1. Francisco Giner de los R&#xED;os y la tradici&#xF3;n liberal / Jos&#xE9; Garc&#xED;a Velasco -- 2. El institucionismo y la cultura pol&#xED;tica liberaldemocr&#xE1;tica en la Espa&#xF1;a de fin de siglo / Manuel Su&#xE1;rez Cortina -- 3. La difusi&#xF3;n en Espa&#xF1;a del "Nuevo Liberalismo". "El Sol" y la defensa de un Estado Social de Derecho / &#xC1;ngeles Lario Gonz&#xE1;lez -- 4. La masoner&#xED;a leonesa en la crisis finisecular del siglo XIX / Pedro V&#xED;ctor Fern&#xE1;ndez Fern&#xE1;ndez -- 5. Radicalizaci&#xF3;n de las elites y fracaso de las reformas liberales. La difusi&#xF3;n del federalismo en Le&#xF3;n / Carmelo de Lucas del Ser -- 6. Modernizaci&#xF3;n pol&#xED;tica y reformismo social en Santiago Alba /Juan Antonio -- Cano Garc&#xED;a -- 7. Burgues&#xED;a y cambio social: la reacci&#xF3;n de la elite a trav&#xE9;s de la prensa ante la AIT y la Comuna / Jorge Luengo S&#xE1;nchez y Guillermo Rivilla Marug&#xE1;n -- 8. Notas sobre la huelga de agosto de 1917 en la provincia de Le&#xF3;n / Ana Madrid Villal&#xF3;n -- 9. Introducci&#xF3;n hist&#xF3;rica al reformismo penal en la Restauraci&#xF3;n / Gutmaro -- G&#xF3;mez Bravo -- 10. La Ciudad frente a la Pobreza: la acci&#xF3;n social del municipio madrile&#xF1;o a trav&#xE9;s de las juntas parroquiales en 1860 / Rub&#xE9;n Pallol Trigueros -- 11. Un caso concreto de an&#xE1;lisis: los libros de oratoria militar y su difusi&#xF3;n en la Espa&#xF1;a de finales del siglo XIX / Ana Isabel Sim&#xF3;n Alegre</subfield>
  </datafield>
  <datafield tag="650" ind1=" " ind2="0">
    <subfield code="a">Land reform</subfield>
    <subfield code="z">Spain</subfield>
    <subfield code="x">History</subfield>
    <subfield code="y">19th century.</subfield>
  </datafield>
  <datafield tag="650" ind1=" " ind2="0">
    <subfield code="a">Land tenure</subfield>
    <subfield code="z">Spain</subfield>
    <subfield code="x">History</subfield>
    <subfield code="y">19th century.</subfield>
  </datafield>
  <datafield tag="650" ind1=" " ind2="0">
    <subfield code="a">Liberalism</subfield>
    <subfield code="z">Spain</subfield>
    <subfield code="x">History</subfield>
    <subfield code="y">19th century.</subfield>
  </datafield>
  <datafield tag="651" ind1=" " ind2="0">
    <subfield code="a">Spain</subfield>
    <subfield code="x">Politics and government</subfield>
    <subfield code="y">19th century.</subfield>
  </datafield>
  <datafield tag="655" ind1=" " ind2="0">
    <subfield code="a">Electronic books.</subfield>
  </datafield>
  <datafield tag="700" ind1="1" ind2=" ">
    <subfield code="a">Caranto&#xF1;a Alvarez, Francisco,</subfield>
    <subfield code="d">1957-</subfield>
  </datafield>
  <datafield tag="700" ind1="1" ind2=" ">
    <subfield code="a">Aguado Cabezas, Elena.</subfield>
  </datafield>
  <datafield tag="710" ind1="2" ind2=" ">
    <subfield code="a">Fundaci&#xF3;n Sierra-Pambley (Le&#xF3;n, Spain)</subfield>
  </datafield>
  <datafield tag="791" ind1="2" ind2=" ">
    <subfield code="a">Digitalia (Firm),</subfield>
    <subfield code="e">distributor.</subfield>
  </datafield>
  <datafield tag="830" ind1=" " ind2="0">
    <subfield code="a">Colecci&#xF3;n Historia (Biblioteca Nueva (Firm)).</subfield>
  </datafield>
  <datafield tag="793" ind1="0" ind2=" ">
    <subfield code="g">Digitalia eBook Collection:</subfield>
    <subfield code="a">Biblioteca Nueva</subfield>
  </datafield>
  <datafield tag="856" ind1="4" ind2="0">
    <subfield code="3">Digitalia Hisp&#xE1;nica</subfield>
    <subfield code="u">https://www.digitaliapublishing.com/a/39/</subfield>
  </datafield>
  <datafield tag="910" ind1=" " ind2=" ">
    <subfield code="a">Premium Collection: 2007-2012</subfield>
  </datafield>
  <datafield tag="942" ind1=" " ind2=" ">
    <subfield code="c">RAA</subfield>
  </datafield>
  <datafield tag="952" ind1=" " ind2=" ">
    <subfield code="0">0</subfield>
    <subfield code="1">0</subfield>
    <subfield code="4">0</subfield>
    <subfield code="7">0</subfield>
    <subfield code="8">DEH</subfield>
    <subfield code="a">BD-UIN</subfield>
    <subfield code="b">BD-UIN</subfield>
    <subfield code="d">2025-04-25</subfield>
    <subfield code="l">0</subfield>
    <subfield code="r">2025-04-25</subfield>
    <subfield code="w">2025-04-25</subfield>
    <subfield code="y">RAA</subfield>
  </datafield>
  <datafield tag="999" ind1=" " ind2=" ">
    <subfield code="c">229150</subfield>
    <subfield code="d">229150</subfield>
  </datafield>
</record>
